书目信息 |
| 题名: |
园林植物季相景观设计手册
|
|
| 作者: | 李作文 , 李雪飞 主编 | |
| 分册: | 春夏卷 | |
| 出版信息: | 北京 中国林业出版社 2014.01 |
|
| 页数: | 167页 | |
| 开本: | 21cm | |
| 丛书名: | ||
| 单 册: | ||
| 中图分类: | TU986.2 | |
| 科图分类: | ||
| 主题词: | 园林植物--yuan lin zhi wu--景观设计--手册 | |
| 电子资源: | ||
| ISBN: | 978-7-5038-7164-1 | |
| 000 | 01058nam 2200301 450 | |
| 001 | CAL 0120131152338 | |
| 005 | 20150819140152.51 | |
| 010 | @a978-7-5038-7164-1@dCNY49.00 | |
| 100 | @a20131031d2014 em y0chiy50 ea | |
| 101 | 0 | @achi |
| 102 | @aCN@b110000 | |
| 105 | @aa z 001yy | |
| 106 | @ar | |
| 200 | 1 | @a园林植物季相景观设计手册@Ayuan lin zhi wu ji xiang jing guan she ji shou ce@i春夏卷@f李作文, 李雪飞主编 |
| 210 | @a北京@c中国林业出版社@d2014.01 | |
| 215 | @a167页@c彩图@d21cm | |
| 312 | @a英文题名取自封面 | |
| 320 | @a有索引 | |
| 330 | @a本书为春夏卷, 介绍春季植物景观和夏季植物景观 (另有秋冬卷介绍秋季植物景观和冬季植物景观) , 每部分中又分为乔木、灌木、草本植物等三个方面分别介绍。 | |
| 510 | 1 | @aSeasonal phenomena & landscape design@zeng |
| 517 | 1 | @a春夏卷@Achun xia juan |
| 586 | @a | |
| 606 | 0 | @a园林植物@Ayuan lin zhi wu@x景观设计@j手册 |
| 690 | @aTU986.2@v5 | |
| 701 | 0 | @a李作文@Ali zuo wen@4主编 |
| 701 | 0 | @a李雪飞@Ali xue fei@4主编 |
| 801 | 0 | @aCN@c20150820 |
| 905 | @a河南城建学院图书馆@dTU986.2@eL340@f3 | |
| 园林植物季相景观设计手册.春夏卷/李作文, 李雪飞主编.-北京:中国林业出版社,2014.01 |
| 167页:彩图;21cm |
| ISBN 978-7-5038-7164-1:CNY49.00 |
| 本书为春夏卷, 介绍春季植物景观和夏季植物景观 (另有秋冬卷介绍秋季植物景观和冬季植物景观) , 每部分中又分为乔木、灌木、草本植物等三个方面分别介绍。 |
| ● |
| 相关链接 |
|
|
|
正题名:园林植物季相景观设计手册
索取号:TU986.2/L340
 
预约/预借
| 序号 | 登录号 | 条形码 | 馆藏地/架位号 | 状态 | 备注 |
| 1 | 1166566 | 211665660 | 建筑库201/201建筑库 68排1列4层/ [索取号:TU986.2/L340] | 在馆 | |
| 2 | 1166567 | 211665679 | 建筑库201/201建筑库 68排1列4层/ [索取号:TU986.2/L340] | 在馆 | |
| 3 | 1166568 | 211665688 | 建筑库201/101建筑库 90排3列2层/ [索取号:TU986.2/L340] | 在馆 |